Morocco : 2019 Article IV Consultation-Press Release; Staff Report; and Statement by the Executive Director for Morocco.

This 2019 Article IV Consultation with Morocco discusses that gradually increasing growth, moderate inflation, and stronger external and fiscal buffers are expected over the medium term, benefiting from sustained reform implementation. However, this outlook remains subject to significant domestic an...

Fuld beskrivelse

Bibliografiske detaljer
Institution som forfatter: International Monetary Fund. Middle East and Central Asia Dept
Format: Tidsskrift
Sprog:English
Udgivet: Washington, D.C. : International Monetary Fund, 2019.
Serier:IMF Staff Country Reports; Country Report ; No. 2019/230
Online adgang:Full text available on IMF
LEADER 02328cas a2200241 a 4500
001 AALejournalIMF019508
008 230101c9999 xx r poo 0 0eng d
020 |c 5.00 USD 
020 |z 9781498325899 
022 |a 1934-7685 
040 |a BD-DhAAL  |c BD-DhAAL 
110 2 |a International Monetary Fund.  |b Middle East and Central Asia Dept. 
245 1 0 |a Morocco :   |b 2019 Article IV Consultation-Press Release; Staff Report; and Statement by the Executive Director for Morocco. 
264 1 |a Washington, D.C. :  |b International Monetary Fund,  |c 2019. 
300 |a 1 online resource (74 pages) 
490 1 |a IMF Staff Country Reports 
500 |a <strong>Off-Campus Access:</strong> No User ID or Password Required 
500 |a <strong>On-Campus Access:</strong> No User ID or Password Required 
506 |a Electronic access restricted to authorized BRAC University faculty, staff and students 
520 3 |a This 2019 Article IV Consultation with Morocco discusses that gradually increasing growth, moderate inflation, and stronger external and fiscal buffers are expected over the medium term, benefiting from sustained reform implementation. However, this outlook remains subject to significant domestic and external risks: delays in implementing reforms, lower growth in key partner countries (particularly in the euro area), higher oil prices, geopolitical risks, and volatile financial conditions could weaken Morocco's resilience and economic prospects. Building on progress achieved in recent years, further fiscal and structural reforms are needed to consolidate gains in macroeconomic resilience and achieve higher and more inclusive growth. The discussions mainly focused on strengthening the resilience of the economy through continued fiscal reforms, greater exchange rate flexibility, and strengthened financial sector soundness. It also highlighted the need for pushing ahead with mutually-reinforcing and properly sequenced reforms to raise growth and inclusion, including by improving public sector governance, promoting private sector development, and reducing inequalities. 
538 |a Mode of access: Internet 
830 0 |a IMF Staff Country Reports; Country Report ;  |v No. 2019/230 
856 4 0 |z Full text available on IMF  |u http://elibrary.imf.org/view/journals/002/2019/230/002.2019.issue-230-en.xml  |z IMF e-Library